000
00286nam a2200121Ia 4500
005
20260328104245.0
008
260328s9999||||xx |||||||||||||| ||und||
100
_a
Camacho, Fabio
245
0
_a
Aspectos de Lima /
_c
Fabio Camacho
260
_b
Incazteca
650
_a
PERÚ
942
_c
BK
999
_c
10037
_d
10037